[Event "Cappelle op 29th"]
[Site "Cappelle la Grande"]
[Date "2013.02.25"]
[Round "3"]
[White "Levers, Thierry"]
[Black "Eriksson, Christian Altenburg"]
[Result "0-1"]
[WhiteElo "1926"]
[BlackElo "2141"]
[PlyCount "40"]
[EventDate "2013.02.23"]
[EventType "swiss"]
[EventRounds "9"]
[EventCountry "FRA"]
[SourceTitle "CBM 153 Extra"]
[Source "ChessBase"]
[SourceDate "2013.04.22"]
[SourceVersion "1"]
[SourceVersionDate "2013.04.22"]
[SourceQuality "1"]

1. d4 d5 2. Nf3 Nf6 3. c4 dxc4 4. e3 e6 5. Bxc4 a6 6. 0-0 c5 7. Qe2 b5 8. Bd3 Bb7 9. dxc5 Qc7 10. b4 Nc6 11. a3 Ng4 12. g3 h5 13. Nbd2 Rd8 14. Bb2 h4 15. Be4 hxg3 16. fxg3 f5 17. Bc2 Nxh2 18. Nxh2 Qxg3+ 19. Qg2 Qxg2+ 20. Kxg2 Rxd2+ 0-1

[Event "Cappelle op 29th"]
[Site "Cappelle la Grande"]
[Date "2013.02.24"]
[Round "2"]
[White "Shvayger, Yuliya"]
[Black "Levers, Thierry"]
[Result "1-0"]
[WhiteElo "2232"]
[BlackElo "1926"]
[PlyCount "39"]
[EventDate "2013.02.23"]
[EventType "swiss"]
[EventRounds "9"]
[EventCountry "FRA"]
[SourceTitle "CBM 153 Extra"]
[Source "ChessBase"]
[SourceDate "2013.04.22"]
[SourceVersion "1"]
[SourceVersionDate "2013.04.22"]
[SourceQuality "1"]

1. e4 c5 2. Nf3 Nc6 3. Bb5 e6 4. 0-0 Nge7 5. Re1 a6 6. Bxc6 Nxc6 7. d4 cxd4 8. Nxd4 Qc7 9. Nxc6 bxc6 10. e5 Be7 11. Qg4 Rg8 12. Bg5 f5 13. Qh5+ Kf8 14. Bxe7+ Kxe7 15. Qxh7 Kf8 16. Nd2 c5 17. Nc4 Bb7 18. Nd6 Qc6 19. f3 c4 20. Qg6 1-0

[Event "Le Touquet op 26th"]
[Site "Le Touquet"]
[Date "2011.10.24"]
[Round "4"]
[White "Pluyaud, Benoit"]
[Black "Levers, Thierry"]
[Result "1-0"]
[WhiteElo "2031"]
[BlackElo "1933"]
[PlyCount "43"]
[EventDate "2011.10.22"]
[EventType "swiss"]
[EventRounds "9"]
[EventCountry "FRA"]
[SourceTitle "EXT 2012"]
[Source "ChessBase"]
[SourceDate "2011.11.24"]
[SourceVersion "1"]
[SourceVersionDate "2011.11.24"]
[SourceQuality "1"]

1. d4 d5 2. c4 dxc4 3. Nc3 Nf6 4. Nf3 e6 5. Bg5 Bb4 6. Qc2 c5 7. Rd1 Qa5 8. Bxf6 gxf6 9. e3 Nc6 10. Bxc4 cxd4 11. exd4 Rg8 12. d5 Ne7 13. dxe6 Bxe6 14. Bxe6 fxe6 15. 0-0 Rc8 16. Qxh7 Bxc3 17. bxc3 Qxc3 18. Qh5+ Kf8 19. Rd6 Rg6 20. Rd8+ Kg7 21. Rd7 Rc7 22. Nd4 1-0

[Event "Le Touquet op 26th"]
[Site "Le Touquet"]
[Date "2011.10.22"]
[Round "1"]
[White "Levers, Thierry"]
[Black "Joie, Sebastien"]
[Result "0-1"]
[WhiteElo "1933"]
[BlackElo "2247"]
[PlyCount "74"]
[EventDate "2011.10.22"]
[EventType "swiss"]
[EventRounds "9"]
[EventCountry "FRA"]
[SourceTitle "EXT 2012"]
[Source "ChessBase"]
[SourceDate "2011.11.24"]
[SourceVersion "1"]
[SourceVersionDate "2011.11.24"]
[SourceQuality "1"]

1. d4 d6 2. e4 Nf6 3. Nc3 e5 4. Nf3 exd4 5. Nxd4 Be7 6. Bc4 a6 7. a4 0-0 8. Ba2 c5 9. Nf3 Nc6 10. h3 Be6 11. Bd5 Qd7 12. Bf4 Nb4 13. Bxe6 Qxe6 14. Qe2 Nh5 15. Bh2 f5 16. 0-0 fxe4 17. Qxe4 Qxe4 18. Nxe4 d5 19. Nc3 d4 20. Rae1 dxc3 21. Rxe7 cxb2 22. Rb1 Rad8 23. Be5 Nc6 24. Re6 Nf4 25. Bxf4 Rxf4 26. Rxb2 Rb4 27. Rxb4 cxb4 28. a5 Rd5 29. Kf1 Kf7 30. Re4 Rxa5 31. Ke2 Rd5 32. h4 h6 33. Ke3 a5 34. Ne1 Re5 35. Rxe5 Nxe5 36. Kd4 a4 37. f4 a3 0-1

[Event "Condom op-A 10th"]
[Site "Condom"]
[Date "2011.07.09"]
[Round "1"]
[White "Levers, Thierry"]
[Black "Cioara, Andrei Nestor"]
[Result "0-1"]
[WhiteElo "1982"]
[BlackElo "2430"]
[PlyCount "68"]
[EventDate "2011.07.09"]
[EventType "swiss"]
[EventRounds "9"]
[EventCountry "FRA"]
[SourceTitle "CBM 143 Extra"]
[Source "ChessBase"]
[SourceDate "2011.08.29"]
[SourceVersion "1"]
[SourceVersionDate "2011.08.29"]
[SourceQuality "1"]

1. d4 Nf6 2. Nf3 e6 3. c4 b6 4. a3 Bb7 5. Nc3 d5 6. Bg5 Be7 7. Qa4+ Nbd7 8. Ne5 0-0 9. Nc6 Qe8 10. cxd5 exd5 11. Nxe7+ Qxe7 12. e3 h6 13. Bh4 a6 14. Bd3 Qe6 15. 0-0 c5 16. Rae1 Ne4 17. Bxe4 dxe4 18. d5 Qg4 19. Be7 Rfe8 20. f3 b5 21. Nxb5 axb5 22. Qxa8 Bxa8 23. fxg4 Rxe7 24. d6 Re6 25. Rd1 Bc6 26. b4 c4 27. Rd4 Ne5 28. Rfd1 Bd7 29. Rxe4 Nd3 30. Rd4 Rxe3 31. a4 c3 32. axb5 c2 33. Rf1 c1Q 34. Rxd3 Re1 0-1

[Event "Fourmies op 34th"]
[Site "Fourmies"]
[Date "2010.05.22"]
[Round "1"]
[White "Levers, Thierry"]
[Black "David, Alberto"]
[Result "0-1"]
[WhiteElo "1944"]
[BlackElo "2631"]
[PlyCount "58"]
[EventDate "2010.05.22"]
[EventType "swiss"]
[EventRounds "7"]
[EventCountry "FRA"]
[SourceTitle "CBM 136 Extra"]
[Source "ChessBase"]
[SourceDate "2010.07.02"]
[SourceVersion "2"]
[SourceVersionDate "2010.07.15"]
[SourceQuality "1"]

1. d4 Nf6 2. Nf3 d5 3. Bf4 g6 4. Nc3 c6 5. e3 Bg7 6. Be2 0-0 7. Ne5 Nfd7 8. Qd2 b5 9. h4 Nxe5 10. Bxe5 f6 11. Bf4 e5 12. dxe5 fxe5 13. Bg5 Qd6 14. h5 h6 15. Bh4 g5 16. Bg3 Nd7 17. Bg4 b4 18. Na4 Nf6 19. Bxc8 Ne4 20. Qd3 Nxg3 21. fxg3 e4 22. Qe2 Qxg3+ 23. Kd1 Raxc8 24. Rh3 Qc7 25. a3 g4 26. Rh1 Qg3 27. Rg1 Rf2 28. Qe1 b3 29. Rc1 Bd4 0-1

[Event "Le Touquet op 22nd"]
[Site "Le Touquet"]
[Date "2007.11.02"]
[Round "9"]
[White "Heinis, Vincent"]
[Black "Levers, Thierry"]
[Result "1-0"]
[WhiteElo "2202"]
[BlackElo "2010"]
[PlyCount "85"]
[EventDate "2007.10.27"]
[EventType "swiss"]
[EventRounds "9"]
[EventCountry "FRA"]
[SourceTitle "EXT 2008"]
[Source "ChessBase"]
[SourceDate "2007.11.25"]
[SourceVersion "1"]
[SourceVersionDate "2007.11.25"]
[SourceQuality "1"]

1. d4 d5 2. Nf3 Nf6 3. c4 dxc4 4. e3 e6 5. Bxc4 c5 6. 0-0 a6 7. Bb3 b5 8. a4 b4 9. Nbd2 Qc7 10. e4 Bb7 11. d5 exd5 12. exd5 Be7 13. Nc4 Bxd5 14. Bg5 Be6 15. Bxf6 gxf6 16. Qd2 Nc6 17. a5 Rd8 18. Qh6 Nd4 19. Nxd4 Rxd4 20. Ba4+ Bd7 21. Bxd7+ Qxd7 22. b3 Qg4 23. Rfe1 Rg8 24. g3 Qg5 25. Qxh7 f5 26. Re5 Qg6 27. Qxg6 fxg6 28. Rae1 Rd7 29. Rxc5 Kf7 30. Ne5+ Ke6 31. Nxd7+ Kxd7 32. Rd1+ Ke6 33. Rc6+ Ke5 34. Rxa6 Bc5 35. Rc6 Bd4 36. Kg2 g5 37. a6 f4 38. gxf4+ gxf4+ 39. Kf3 Rh8 40. Rxd4 Kxd4 41. Rc4+ Ke5 42. Re4+ Kd6 43. Rxb4 1-0

[Event "Fenain op"]
[Site "Fenain"]
[Date "2007.02.27"]
[Round "6.3"]
[White "Kirszenberg, Marc"]
[Black "Levers, Thierry"]
[Result "1-0"]
[WhiteElo "2183"]
[BlackElo "1937"]
[PlyCount "61"]
[EventDate "2007.02.24"]
[EventType "swiss"]
[EventRounds "7"]
[EventCountry "FRA"]
[SourceTitle "CBM 117 Extra"]
[Source "ChessBase"]
[SourceDate "2007.05.09"]
[SourceVersion "1"]
[SourceVersionDate "2007.05.09"]
[SourceQuality "1"]

1. d4 d5 2. Nf3 Nf6 3. c4 dxc4 4. Nc3 e6 5. e3 c5 6. Bxc4 a6 7. a4 Nc6 8. 0-0 Be7 9. b3 0-0 10. Bb2 cxd4 11. exd4 Nb4 12. Rc1 b6 13. Qe2 Bb7 14. Rfe1 Nfd5 15. Nxd5 Nxd5 16. g3 Nb4 17. Ne5 Bd5 18. Ba3 b5 19. Qd2 Bxc4 20. bxc4 Nd5 21. Nc6 Qd7 22. Nxe7+ Nxe7 23. Bxe7 Qxe7 24. axb5 axb5 25. cxb5 Qd7 26. Qb4 Qd5 27. b6 Rfb8 28. Re5 Qf3 29. Rec5 g6 30. d5 exd5 31. b7 1-0

[Event "Fenain op"]
[Site "Fenain"]
[Date "2007.02.25"]
[Round "3.3"]
[White "Durczak, Mathieu"]
[Black "Levers, Thierry"]
[Result "1/2-1/2"]
[WhiteElo "2046"]
[BlackElo "1937"]
[PlyCount "82"]
[EventDate "2007.02.24"]
[EventType "swiss"]
[EventRounds "7"]
[EventCountry "FRA"]
[SourceTitle "CBM 117 Extra"]
[Source "ChessBase"]
[SourceDate "2007.05.09"]
[SourceVersion "1"]
[SourceVersionDate "2007.05.09"]
[SourceQuality "1"]

1. e4 c5 2. Nf3 Nc6 3. b3 d6 4. Bb5 Bd7 5. 0-0 a6 6. Bxc6 Bxc6 7. Re1 e6 8. Bb2 Nf6 9. d3 Be7 10. Nbd2 0-0 11. Nf1 Nd7 12. Ng3 Bf6 13. d4 g6 14. e5 dxe5 15. Nxe5 Nxe5 16. dxe5 Qxd1 17. Raxd1 Be7 18. Ne4 Bxe4 19. Rxe4 Rfd8 20. Ree1 Rxd1 21. Rxd1 Rd8 22. Rxd8+ Bxd8 23. f4 Kf8 24. Kf2 Ke8 25. c4 Ba5 26. Ke3 Kd7 27. Kd3 Be1 28. Bc3 Bf2 29. Ke2 Bh4 30. Kf3 Bd8 31. Ke4 Bh4 32. g3 Bd8 33. g4 Bc7 34. Bd2 Bd8 35. Be1 Kc6 36. Bd2 Kd7 37. f5 Bc7 38. f6 Bd8 39. Bc3 Bc7 40. Kf4 Ke8 41. Bd2 Kf8 1/2-1/2

[Event "Le Touquet op"]
[Site "Le Touquet"]
[Date "2006.11.03"]
[Round "9"]
[White "Dehesdin, Wilfried"]
[Black "Levers, Thierry"]
[Result "1-0"]
[WhiteElo "2096"]
[BlackElo "1928"]
[PlyCount "57"]
[EventDate "2006.10.28"]
[EventType "swiss"]
[EventRounds "9"]
[EventCountry "FRA"]
[SourceTitle "EXT 2007"]
[Source "ChessBase"]
[SourceDate "2006.11.23"]
[SourceVersion "1"]
[SourceVersionDate "2006.11.23"]
[SourceQuality "1"]

1. d4 d5 2. g3 Nf6 3. Bg2 c6 4. Nf3 Bf5 5. 0-0 e6 6. Re1 Nbd7 7. Nh4 Be7 8. c4 dxc4 9. Nxf5 exf5 10. Qc2 Ne4 11. f3 Nd6 12. e4 0-0 13. Be3 Bg5 14. f4 Bh6 15. e5 Nb5 16. a4 Nc7 17. Qxf5 Nb6 18. Nc3 g6 19. Qh3 Bg7 20. f5 gxf5 21. Qxf5 Qd7 22. Qh5 f6 23. Be4 Bh8 24. Bf5 Qf7 25. Qg4+ Qg7 26. Qh3 Qf7 27. e6 Qe7 28. Bf4 Ne8 29. Re4 1-0

[Event "Fenain op 8th"]
[Site "Fenain "]
[Date "2006.02.12"]
[Round "2"]
[White "Levers, Thierry"]
[Black "Durczak, Mathieu"]
[Result "0-1"]
[WhiteElo "1954"]
[BlackElo "2060"]
[PlyCount "156"]
[EventDate "2006.02.11"]
[EventType "swiss"]
[EventRounds "7"]
[EventCountry "FRA"]
[SourceTitle "EXT 2008"]
[Source "ChessBase"]
[SourceDate "2007.11.25"]
[SourceVersion "1"]
[SourceVersionDate "2007.11.25"]
[SourceQuality "1"]

1. d4 Nf6 2. Bg5 b6 3. Bxf6 exf6 4. Nf3 Bb7 5. e3 f5 6. g3 g6 7. Bg2 Bg7 8. 0-0 d6 9. c4 0-0 10. Nc3 Nd7 11. Qc2 Nf6 12. d5 Re8 13. Nd4 Ng4 14. Nce2 Ne5 15. b4 Qe7 16. Rac1 a5 17. c5 axb4 18. cxd6 cxd6 19. Nc6 Qd7 20. Ned4 Ba6 21. Rfd1 Rec8 22. Qb3 h6 23. h3 Qe8 24. Nxb4 Bc4 25. Qb1 b5 26. Ndc6 Ra4 27. Bf1 Bxf1 28. Kxf1 Rca8 29. Rc2 Nc4 30. Qc1 Qe4 31. Kg1 Na3 32. Rcd2 Rxb4 33. Nxb4 Qxb4 34. Qc6 Rf8 35. Rd3 Nc4 36. Rb3 Qa4 37. Qxb5 Qxb5 38. Rxb5 Ra8 39. Rc1 Nd2 40. Rc2 Ne4 41. Rb3 Be5 42. Kg2 Ra5 43. f3 Nc5 44. Rb8+ Kg7 45. f4 Bf6 46. Rb6 Ne4 47. Rb7 Nc5 48. Rb6 Ne4 49. Rb7 Bc3 50. Rb3 Rxd5 51. Rbxc3 Nxc3 52. Rxc3 Rd2+ 53. Kf3 Rxa2 54. Rd3 Ra6 55. e4 fxe4+ 56. Kxe4 Kf6 57. g4 Ra4+ 58. Kd5 Rxf4 59. Kxd6 Kg5 60. Ke5 f6+ 61. Ke6 h5 62. gxh5 Kxh5 63. Kf7 g5 64. Ke6 Kh4 65. Rb3 f5 66. Ke5 Rf1 67. Rc3 g4 68. hxg4 fxg4 69. Ke4 g3 70. Rc8 Kh3 71. Rh8+ Kg2 72. Ke3 Rf7 73. Rg8 Re7+ 74. Kd2 Kf2 75. Rf8+ Kg1 76. Rg8 g2 77. Rg6 Rh7 78. Ke2 Kh1 0-1

[Event "Le Touquet op 20th"]
[Site "Le Touquet"]
[Date "2005.10.27"]
[Round "7"]
[White "Levers, Thierry"]
[Black "Vandemeulebrouck, Renaud"]
[Result "1/2-1/2"]
[WhiteElo "1945"]
[BlackElo "2102"]
[PlyCount "76"]
[EventDate "2005.10.23"]
[EventType "swiss"]
[EventRounds "9"]
[EventCountry "FRA"]
[SourceTitle "EXT 2006"]
[Source "ChessBase"]
[SourceDate "2005.11.24"]
[SourceVersion "1"]
[SourceVersionDate "2005.11.24"]
[SourceQuality "1"]

1. d4 Nf6 2. Bg5 Ne4 3. Bf4 d5 4. e3 e6 5. Nd2 Be7 6. Ngf3 Nd7 7. Bd3 Ndf6 8. 0-0 0-0 9. Ne5 c5 10. c3 b6 11. Nxe4 Nxe4 12. Qh5 f6 13. Nc6 Qe8 14. Qxe8 Rxe8 15. Nxe7+ Rxe7 16. Bxe4 dxe4 17. Bd6 Rd7 18. dxc5 Ba6 19. Rfd1 Rad8 20. b4 bxc5 21. bxc5 Bd3 22. f3 Rb7 23. fxe4 Bxe4 24. Rd4 Bc6 25. Rb4 Rdd7 26. Rab1 Rxb4 27. cxb4 a6 28. Kf2 Kf7 29. g3 e5 30. Ke2 Ke6 31. Kd3 Kf5 32. Rf1+ Ke6 33. Rc1 Kf5 34. Rf1+ Ke6 35. Rf2 Bb5+ 36. Ke4 Bc6+ 37. Kd3 Bb5+ 38. Ke4 Bc6+ 1/2-1/2

[Event "Le Touquet op 20th"]
[Site "Le Touquet"]
[Date "2005.10.25"]
[Round "4"]
[White "Villeneuve, Alain"]
[Black "Levers, Thierry"]
[Result "1-0"]
[WhiteElo "2265"]
[BlackElo "1909"]
[PlyCount "81"]
[EventDate "2005.10.23"]
[EventType "swiss"]
[EventRounds "9"]
[EventCountry "FRA"]
[SourceTitle "EXT 2006"]
[Source "ChessBase"]
[SourceDate "2005.11.24"]
[SourceVersion "1"]
[SourceVersionDate "2005.11.24"]
[SourceQuality "1"]

1. c4 e6 2. Nf3 d5 3. b3 Nf6 4. g3 c6 5. Bg2 Nbd7 6. Bb2 Bd6 7. 0-0 0-0 8. d3 e5 9. e3 Qe7 10. a3 a5 11. Nbd2 Rd8 12. Qe2 Nf8 13. e4 dxe4 14. Nxe4 Nxe4 15. dxe4 Bg4 16. Qc2 f6 17. Nh4 Ne6 18. h3 Bh5 19. Nf5 Qf8 20. Nxd6 Qxd6 21. g4 Bf7 22. Rfd1 Qc5 23. Qc3 Nd4 24. Bf1 Qb6 25. b4 c5 26. bxc5 Qxc5 27. Rac1 a4 28. Qe3 Nb3 29. Qxc5 Nxc5 30. Bc3 Nxe4 31. Bb4 Rd4 32. Rxd4 exd4 33. Bg2 Re8 34. Re1 Bg6 35. f4 d3 36. f5 d2 37. Rd1 Bf7 38. Bxe4 Rxe4 39. Rxd2 Bxc4 40. Rd8+ Kf7 41. Rf8# 1-0

[Event "FRA-chT3 North 0304"]
[Site "France"]
[Date "2004.04.04"]
[Round "9.4"]
[White "Levers, Thierry"]
[Black "Marquet, Mathieu"]
[Result "0-1"]
[WhiteElo "2018"]
[BlackElo "2060"]
[PlyCount "128"]
[EventDate "2003.11.??"]
[EventType "team"]
[EventRounds "9"]
[EventCountry "FRA"]
[SourceTitle "EXT 2006"]
[Source "ChessBase"]
[SourceDate "2005.11.24"]
[SourceVersion "1"]
[SourceVersionDate "2005.11.24"]
[SourceQuality "1"]
[WhiteTeam "Aulnoye"]
[BlackTeam "Noyon II"]
[WhiteTeamCountry "FRA"]
[BlackTeamCountry "FRA"]

1. d4 Nf6 2. Bg5 Ne4 3. Bf4 d5 4. f3 Nd6 5. Nc3 e6 6. e4 c6 7. Bd3 Qb6 8. Nge2 Qxb2 9. 0-0 Qb6 10. Rb1 Qd8 11. Re1 Be7 12. Na4 b6 13. exd5 cxd5 14. Bxd6 Qxd6 15. c4 dxc4 16. Bxc4 0-0 17. Nac3 Ba6 18. Nb5 Bxb5 19. Rxb5 Nd7 20. Qb1 Nf6 21. Rd1 Rac8 22. Bd3 h6 23. Be4 Rfd8 24. a4 Qa3 25. Qb3 Qxb3 26. Rxb3 Nxe4 27. fxe4 Rc2 28. Kf1 Rdc8 29. d5 exd5 30. exd5 Bd6 31. Nd4 Rc1 32. Rbd3 Bxh2 33. Nc6 Rxd1+ 34. Rxd1 Rc7 35. Ke2 f6 36. Kd3 Bd6 37. Kc4 a6 38. Kd4 Rd7 39. Re1 Kf7 40. Kc4 g5 41. Rb1 Bc7 42. Nd4 Kg6 43. Ne6 Re7 44. g4 f5 45. gxf5+ Kxf5 46. Nxc7 Rxc7+ 47. Kd4 b5 48. axb5 axb5 49. Rxb5 Kf4 50. Rb6 h5 51. Rf6+ Kg3 52. Ke5 Rc1 53. Kf5 Rc5 54. Ke4 h4 55. Rf3+ Kg4 56. Rf1 h3 57. Rg1+ Kh4 58. d6 Rc8 59. Kf5 Rf8+ 60. Ke6 h2 61. Rd1 g4 62. d7 g3 63. d8Q+ Rxd8 64. Rxd8 g2 0-1

[Event "FRA-chT3 North 0304"]
[Site "France"]
[Date "2004.04.03"]
[Round "8.5"]
[White "Levers, Thierry"]
[Black "Degraeve, Jean Pierre"]
[Result "1/2-1/2"]
[WhiteElo "2018"]
[BlackElo "2078"]
[PlyCount "30"]
[EventDate "2003.11.??"]
[EventType "team"]
[EventRounds "9"]
[EventCountry "FRA"]
[SourceTitle "EXT 2006"]
[Source "ChessBase"]
[SourceDate "2005.11.24"]
[SourceVersion "1"]
[SourceVersionDate "2005.11.24"]
[SourceQuality "1"]
[WhiteTeam "Aulnoye"]
[BlackTeam "Neuville en Ferrain"]
[WhiteTeamCountry "FRA"]
[BlackTeamCountry "FRA"]

1. d4 d5 2. Nf3 Nf6 3. Bf4 c5 4. e3 Nc6 5. c3 Qb6 6. Qb3 c4 7. Qxb6 axb6 8. Na3 Bf5 9. Nh4 Bg6 10. Be2 e6 11. Nxg6 hxg6 12. Nc2 Kd7 13. 0-0 Nh5 14. Bxh5 Rxh5 15. f3 b5 1/2-1/2

[Event "FRA-chT3 North 0304"]
[Site "France"]
[Date "2003.11.15"]
[Round "2.6"]
[White "Morelle, Ludovic"]
[Black "Levers, Thierry"]
[Result "1-0"]
[WhiteElo "2095"]
[BlackElo "2018"]
[PlyCount "47"]
[EventDate "2003.11.??"]
[EventType "team"]
[EventRounds "9"]
[EventCountry "FRA"]
[SourceTitle "EXT 2006"]
[Source "ChessBase"]
[SourceDate "2005.11.24"]
[SourceVersion "1"]
[SourceVersionDate "2005.11.24"]
[SourceQuality "1"]
[WhiteTeam "Baisieux"]
[BlackTeam "Aulnoye"]
[WhiteTeamCountry "FRA"]
[BlackTeamCountry "FRA"]

1. c3 d5 2. d3 e5 3. Nf3 Nc6 4. Nbd2 Nf6 5. e4 Bc5 6. Be2 0-0 7. 0-0 Re8 8. a4 a5 9. Qc2 b6 10. Nb3 d4 11. Nxc5 bxc5 12. Ne1 Rb8 13. f4 exf4 14. Bxf4 Ne5 15. Nf3 Nfg4 16. Kh1 Nxf3 17. gxf3 Ne5 18. Rg1 Bh3 19. Rg3 Qc8 20. Bd2 Nc6 21. Bh6 g6 22. Qd2 Be6 23. Rag1 Ne7 24. Qg5 1-0

[Event "FRA-ch du Nord"]
[Site "France"]
[Date "2003.04.14"]
[Round "5"]
[White "Dessaux, David"]
[Black "Levers, Thierry"]
[Result "0-1"]
[WhiteElo "1530"]
[BlackElo "2023"]
[PlyCount "40"]
[EventDate "2003.04.12"]
[EventType "swiss"]
[EventRounds "7"]
[EventCountry "FRA"]
[SourceTitle "EXT 2008"]
[Source "ChessBase"]
[SourceDate "2007.11.25"]
[SourceVersion "1"]
[SourceVersionDate "2007.11.25"]
[SourceQuality "1"]

1. d4 d5 2. Nf3 e6 3. Bf4 Nf6 4. h3 Bd6 5. Bxd6 cxd6 6. c3 0-0 7. Nbd2 Bd7 8. a4 Nc6 9. b4 e5 10. b5 Na5 11. dxe5 Ne4 12. Nxe4 dxe4 13. Nd2 e3 14. Nf3 dxe5 15. Qd3 e4 16. Qxe4 Re8 17. Qd5 Qc7 18. c4 Be6 19. Qg5 Nb3 20. Qxe3 Qa5+ 0-1

[Event "FRA-ch du Nord"]
[Site "France"]
[Date "2003.04.13"]
[Round "3"]
[White "Renard, Stephane"]
[Black "Levers, Thierry"]
[Result "1/2-1/2"]
[WhiteElo "2026"]
[BlackElo "2023"]
[PlyCount "62"]
[EventDate "2003.04.12"]
[EventType "swiss"]
[EventRounds "7"]
[EventCountry "FRA"]
[SourceTitle "EXT 2008"]
[Source "ChessBase"]
[SourceDate "2007.11.25"]
[SourceVersion "1"]
[SourceVersionDate "2007.11.25"]
[SourceQuality "1"]

1. f4 d5 2. Nf3 Nf6 3. e3 Bg4 4. h3 Bxf3 5. Qxf3 Nbd7 6. d4 Ne4 7. Nd2 Ndf6 8. Bd3 Nxd2 9. Bxd2 e6 10. 0-0 Bd6 11. Be1 Qd7 12. a4 c6 13. c3 Qc7 14. b4 a6 15. a5 Be7 16. Bh4 Ng8 17. Bg3 Bd6 18. Bh4 f5 19. g4 g6 20. Kf2 Be7 21. Bxe7 Nxe7 22. Rh1 0-0-0 23. g5 h5 24. h4 Kb8 25. Rhc1 Qd6 26. Qe2 Nc8 27. Qb2 Na7 28. Qb3 Nb5 29. Kf3 Qd7 30. Ra2 Nd6 31. Rac2 Rh7 1/2-1/2

[Event "FRA-ch du Nord"]
[Site "France"]
[Date "2003.04.12"]
[Round "1"]
[White "Dupont, Daniel Noel"]
[Black "Levers, Thierry"]
[Result "0-1"]
[WhiteElo "1500"]
[BlackElo "2023"]
[PlyCount "72"]
[EventDate "2003.04.12"]
[EventType "swiss"]
[EventRounds "7"]
[EventCountry "FRA"]
[SourceTitle "EXT 2008"]
[Source "ChessBase"]
[SourceDate "2007.11.25"]
[SourceVersion "1"]
[SourceVersionDate "2007.11.25"]
[SourceQuality "1"]

1. e4 c5 2. Nc3 e6 3. Nf3 d6 4. d4 cxd4 5. Nxd4 Nf6 6. Bg5 Nc6 7. Bb5 Bd7 8. 0-0 Be7 9. Nf3 a6 10. Bc4 b5 11. Bd3 0-0 12. Re1 Rc8 13. a3 h6 14. Bh4 Na5 15. e5 dxe5 16. Nxe5 Bc6 17. b4 Bb7 18. Re2 Rxc3 19. bxa5 Nd5 20. Bxe7 Qxe7 21. Qc1 Rfc8 22. Be4 R3c5 23. Nd3 Nc3 24. Re3 Nxe4 25. Nxc5 Rxc5 26. Qe1 Qf6 27. Rc1 Qg6 28. Qb4 Nc3 29. g3 Rc4 30. Qb3 Qf6 31. Rce1 Bd5 32. Re5 Qf3 33. Rxd5 Qxd5 34. Qb2 Qd2 35. Kf1 Nd1 36. Qb1 Rxc2 0-1

[Event "Le Touquet op 17th"]
[Site "Le Touquet"]
[Date "2002.11.02"]
[Round "9"]
[White "Levers, Thierry"]
[Black "Sanchez, Louis"]
[Result "0-1"]
[WhiteElo "2065"]
[BlackElo "2239"]
[PlyCount "42"]
[EventDate "2002.10.27"]
[EventType "swiss"]
[EventRounds "9"]
[EventCountry "FRA"]
[SourceTitle "EXT 2003"]
[Source "ChessBase"]
[SourceDate "2002.11.25"]
[SourceVersion "1"]
[SourceVersionDate "2002.11.25"]
[SourceQuality "1"]

1. d4 Nf6 2. Nf3 g6 3. c4 Bg7 4. Nc3 0-0 5. e4 d6 6. Be2 e5 7. Bg5 h6 8. Bh4 Nbd7 9. Qd2 c6 10. Rd1 exd4 11. Bxf6 Nxf6 12. Nxd4 Re8 13. f3 Nh5 14. 0-0 Qh4 15. f4 Bxd4+ 16. Qxd4 Nxf4 17. Bf3 Qg5 18. Qxd6 Bh3 19. Qd2 Rad8 20. Qf2 Bxg2 21. Qg3 Bxf3 0-1

[Event "Le Touquet op 17th"]
[Site "Le Touquet"]
[Date "2002.10.29"]
[Round "4"]
[White "Levers, Thierry"]
[Black "Philippe, Christophe"]
[Result "0-1"]
[WhiteElo "2065"]
[BlackElo "2313"]
[PlyCount "112"]
[EventDate "2002.10.27"]
[EventType "swiss"]
[EventRounds "9"]
[EventCountry "FRA"]
[SourceTitle "EXT 2003"]
[Source "ChessBase"]
[SourceDate "2002.11.25"]
[SourceVersion "1"]
[SourceVersionDate "2002.11.25"]
[SourceQuality "1"]

1. d4 d5 2. Nf3 Nf6 3. c4 c6 4. Nc3 a6 5. Ne5 g6 6. Bf4 Bg7 7. e3 0-0 8. Be2 Nbd7 9. cxd5 Nxd5 10. Nxd7 Bxd7 11. Nxd5 cxd5 12. 0-0 Qb6 13. Qd2 f6 14. Bg3 Bc6 15. Bg4 Kh8 16. f4 e6 17. h4 Rae8 18. h5 gxh5 19. Bxh5 Re7 20. Rac1 Rg8 21. Bh4 Be8 22. Bf3 Rc7 23. Rxc7 Qxc7 24. Rc1 Bc6 25. Bg3 Bh6 26. Kf2 Qg7 27. Bh2 Qg6 28. Qc2 Qf7 29. Rh1 Rc8 30. Rc1 Qg7 31. Bg3 e5 32. Bxd5 exd4 33. exd4 Qd7 34. Qe4 f5 35. Qe6 Qd8 36. Rc3 Bg7 37. Bxc6 Bxd4+ 38. Kf1 Bxc3 39. bxc3 Rxc6 40. Qxf5 Qd1+ 41. Be1 Kg8 42. Qe5 Qd7 43. Kg1 Re6 44. Qg5+ Rg6 45. Qe5 Qc6 46. Qe2 Kf7 47. c4 Qe6 48. Qf1 Qe3+ 49. Qf2 Re6 50. Bd2 Qxf2+ 51. Kxf2 Re4 52. c5 Ra4 53. Kf3 Ra3+ 54. Kg4 Rxa2 55. Bc3 Rxg2+ 56. Kf5 h5 0-1

[Event "Herlies op 7th"]
[Site "Herlies"]
[Date "2002.04.02"]
[Round "5"]
[White "Levers, Thierry"]
[Black "Lambert, Antoine"]
[Result "1-0"]
[WhiteElo "2080"]
[BlackElo "1870"]
[PlyCount "35"]
[EventDate "2002.03.30"]
[EventType "swiss"]
[EventRounds "7"]
[EventCountry "FRA"]
[SourceTitle "EXT 2004"]
[Source "ChessBase"]
[SourceDate "2003.11.25"]
[SourceVersion "1"]
[SourceVersionDate "2003.11.25"]
[SourceQuality "1"]

1. d4 Nf6 2. Nf3 g6 3. c4 d5 4. cxd5 Nxd5 5. e4 Nb6 6. Nc3 Bg7 7. Be3 Bg4 8. Be2 0-0 9. 0-0 Nc6 10. d5 Bxf3 11. Bxf3 Ne5 12. Be2 Nec4 13. Bc1 Qd6 14. Qb3 Na5 15. Qb5 Be5 16. Qxa5 Bxh2+ 17. Kh1 f5 18. f4 1-0

[Event "Herlies op 7th"]
[Site "Herlies"]
[Date "2002.03.31"]
[Round "3"]
[White "Levers, Thierry"]
[Black "Di Marco, Christophe"]
[Result "1-0"]
[WhiteElo "2080"]
[BlackElo "1820"]
[PlyCount "67"]
[EventDate "2002.03.30"]
[EventType "swiss"]
[EventRounds "7"]
[EventCountry "FRA"]
[SourceTitle "EXT 2004"]
[Source "ChessBase"]
[SourceDate "2003.11.25"]
[SourceVersion "1"]
[SourceVersionDate "2003.11.25"]
[SourceQuality "1"]

1. d4 d5 2. Nf3 e6 3. c4 c6 4. e3 Nf6 5. Nc3 Bd6 6. Bd3 0-0 7. 0-0 b6 8. Qc2 Na6 9. a3 Nc7 10. Rd1 Bb7 11. e4 dxe4 12. Nxe4 Nxe4 13. Bxe4 f5 14. Bd3 h6 15. c5 Be7 16. Bf4 Nd5 17. Be5 Bf6 18. Bd6 Be7 19. Be5 Bf6 20. Bc4 Rc8 21. Re1 Bxe5 22. Rxe5 Rf6 23. Rae1 Qd7 24. Bxd5 cxd5 25. b4 Bc6 26. R5e3 Ba4 27. Qd2 f4 28. Rc3 Bb5 29. Ne5 Qe7 30. Rec1 Rf5 31. cxb6 Rxc3 32. Rxc3 axb6 33. Rc8+ Kh7 34. Rh8+ 1-0